00781nam a2200217Ia 4500003000400000005001700004008004100021020001500062040000700077041000800084082001900092100005000111245007700161260005100238300001600289365001300305906008000318942001200398999001900410952013400429OSt20230511151215.0210423s2002 xx 000 0 und d a818653508x cAL aeng a660.6 GLIB223 aGLICK (Bernard R);PASTERNAK (Jack J).9103619 aMolecular biotechnology: principles and applications of recombinant DNA. aNew DelhibPanima Publishing Corporationc2002 axix,500bPB b795cINR aapplications ; biotechnology: ; DNA. ; Molecular ; principles ; recombinant 2ddccBK c164664d164664 001040708BIOCaSACPGbSACPGd2012-10-19eKnowledge Worldg795.00l0o660.6 GLIBpPG011162r2022-08-24 00:00:00w2021-04-26yBK